000 00890nas a2200313 4500
001 BR8904131
003 BR-BrBNA
005 20231205091653.0
007 ta
008 230509b bl.|||p| |||| 00| 00por d
040 _aBR-BrBNA
_bpor
_cBiblioteca Nacional de Agricultura
041 _a(Pt)
072 _aF30; P35
100 1 _aAquino, B.F.
100 1 _aFernandes, M.B.
100 1 _aCastro, J.R.
100 1 _aFernandes, V.L.B.
100 1 _aAlves, J.S.
100 1 _aGois, F.C.
245 1 _aComportamento de cultivares de sorgo em solo afetado por sal. 2. Producao de raizes
650 _aSORGO
650 _aCOMPORTAMENTO DE VARIEDADE
650 _aSOLO SALINO
650 _aSALINIDADE
650 _aSAL
773 0 _tCaatinga (Brazil)
_xISSN 0100-316X
_g(1985), v. 5(1-2) p. 35-41
_wBR8904131
909 _a202311
_bLúcia
_c55
_dLúcia Elande
942 _2AGRIS
_n0
_cANA
999 _c126577
_d126577